00603nam a2200181Ia 4500001001000000003000500010008004100015010001100056040000900067082001900076100001700095245010600112300000900218440001800227500009300245650004700338710003600385Para_8069CHAP220125s9999 xx 000 0 und d a206974 cCHAP aPA-C 595.75 H4 aDelong, D.M. aType and renation of wings as factors in separating certain deltocephaloid genera /c by D.M. Delong a7 p. aHemiptera; 13 aSobretiro de: Ohio J. Sc. 26 (1): 42-48, 1926. Encuadernado con otros impresos similares ax Hemípteros x colecciones de escritos aOhio Journal of Sciencie 26 (1)